Представление документа в формате RUSMARC

ПолеНазваниеЗначение
  Тип записи a
  Библиографический уровень a
001 Контрольный номер RU/CBS_Ul/BASE/532546869
005 Дата корректировки 20240209175207.5
100 Данные общей обработки __
a Данные общей обработки 20161115d2016 ||| 0rusy0189 ca
101 Язык документа 0_
a Язык текста rus
102 Страна публикации __
a Страна публикации RU
105 Кодированные данные (монография) __
a Кодированные данные (монография) y###||||000|y
200 Заглавие и сведения об ответственности 1_
a Заглавие Дурная кровь. 10 мифов о Дракуле
b Общее обозначение материала Текст
e Сведения, относящиеся к заглавию [граф Владислав Цепеш - реальный прообраз графа Дракулы]
f Первые сведения об ответственности М. Меньшикова
300 Общие примечания __
a Общие примечания Ограничения по возрасту - 12+
461 Уровень набора _0
1 2000
a Вокруг света
463 Уровень физической единицы _0
1 001RU/CBS_Ul/BASE/525374727
1 2000
a № 8
v С. 110-115 : ил., фото
1 210
d 2016
600 Персоналии _0
a Персоналии (Фамилия) Цепеш
b Персоналии (Имя, инициалы) В.
600 Персоналии _0
a Персоналии (Фамилия) Стокер
b Персоналии (Имя, инициалы) Б.
606 Тематические рубрики 0_
a Основная рубрика Дракула, литературный образ
y Географическая подрубрика Венгрия
606 Тематические рубрики 0_
a Основная рубрика Цепеш, Владислав III (господарь; 1431-1476)
610 Ключевые слова 0_
a Ключевые слова вампиры
a Ключевые слова прототипы литературных персонажей
a Ключевые слова исторические личности
a Ключевые слова Дракула (романы)
a Ключевые слова литературные злодеи
686 Индексы других классификаций __
a Классификационный индекс 63.3(4)
2 Код системы ББК
700 Автор _1
a Фамилия Меньшикова
b Имя (инициалы) М.
801 Источник записи _0
a Страна RU
b Организация МБУК ЦБС г. Ульяновска
c Дата составления 20161115
g Правила каталогизации RCR
801 Источник записи _1
a Страна RU
b Организация МБУК ЦБС г. Ульяновска
c Дата составления 20161115
g Правила каталогизации RCR
901 Тип документа __
t Тип документа b
w Контрольный № источника RU/CBS_Ul/BASE/525374727
910 Корректоры записи __
a Корректор записи admin2
938 Служебная информация __
a Имя БД period